书目信息 |
| 题名: |
诗经 动植物图说
|
|
| 作者: | 高明乾 , 毛雪飞 著 | |
| 分册: | 植物卷 | |
| 出版信息: | 北京 中华书局 2020 |
|
| 页数: | 455-919页 | |
| 开本: | 22cm | |
| 丛书名: | ||
| 单 册: | ||
| 中图分类: | I207.222 , Q94-49 | |
| 科图分类: | ||
| 主题词: | 植物--zhi wu--普及读物 | |
| 电子资源: | ||
| ISBN: | 978-7-101-14273-0 | |
| 000 | 00975nam0 2200277 450 | |
| 001 | 2131059083 | |
| 005 | 20211029202829.0 | |
| 010 | @a978-7-101-14273-0@dCNY39.00(全2册78.00) | |
| 100 | @a20210325d2020 em y0chiy0120 ea | |
| 101 | 0 | @achi |
| 102 | @aCN@b110000 | |
| 105 | @aa z 000gy | |
| 106 | @ar | |
| 200 | 1 | @a诗经 动植物图说@Ashi jing dong zhi wu tu shuo@i植物卷@f高明乾,毛雪飞著 |
| 210 | @a北京@c中华书局@d2020 | |
| 215 | @a455-919页@c图@d22cm | |
| 330 | @a本书介绍了《诗经》中的137种植物,作者从训诂学入手,借助现代生物学知识,对每种植物精心考订,力求做到名称的古今沟通、中外沟通,以真实可靠的图像展现风采,并介绍了相关的人文趣事。 | |
| 517 | 1 | @a植物卷@Azhi wu juan |
| 605 | @a《诗经》@Ashi jing@x诗歌欣赏 | |
| 606 | 0 | @a植物@Azhi wu@j普及读物 |
| 690 | @aI207.222@v5 | |
| 690 | @aQ94-49@v5 | |
| 701 | 0 | @a高明乾@Agao ming qian@4著 |
| 701 | 0 | @a毛雪飞@Amao xue fei@4著 |
| 801 | 0 | @aCN@b百万庄@c20211029 |
| 905 | @b1313595-98@dI207.222@e1452@f4 | |
| 诗经 动植物图说.植物卷/高明乾,毛雪飞著.-北京:中华书局,2020 |
| 455-919页:图;22cm |
| ISBN 978-7-101-14273-0:CNY39.00(全2册78.00) |
| 本书介绍了《诗经》中的137种植物,作者从训诂学入手,借助现代生物学知识,对每种植物精心考订,力求做到名称的古今沟通、中外沟通,以真实可靠的图像展现风采,并介绍了相关的人文趣事。 |
| ● |
| 相关链接 |
|
|
|
|
正题名:诗经 动植物图说
索取号:I207.222/1452
 
预约/预借
| 序号 | 登录号 | 条形码 | 馆藏地/架位号 | 状态 | 备注 |
| 1 | 1313595 | 213135953 | 第一样本阅览室/ [索取号:I207.222/1452] | 在馆 | |
| 2 | 1313596 | 213135962 | 第二借阅区/ [索取号:I207.222/1452] | 在馆 | |
| 3 | 1313597 | 213135971 | 第二借阅区/ [索取号:I207.222/1452] | 在馆 | |
| 4 | 1313598 | 213135980 | 第二借阅区/ [索取号:I207.222/1452] | 在馆 |